The 4th ICSSED, International Conference of Social Science and Education (Record no. 28526)
[ view plain ]
| 000 -LEADER | |
|---|---|
| fixed length control field | 00479nam a2200121Ia 4500 |
| 008 - FIXED-LENGTH DATA ELEMENTS--GENERAL INFORMATION | |
| fixed length control field | 220620s9999||||xx |||||||||||||| ||und|| |
| 245 #4 - TITLE STATEMENT | |
| Title | The 4th ICSSED, International Conference of Social Science and Education |
| 546 ## - LANGUAGE NOTE | |
| Language note | English[eng] |
| 650 ## - SUBJECT ADDED ENTRY--TOPICAL TERM | |
| Topical term or geographic name entry element | Social Sciences||Psychology||Education |
| 700 ## - ADDED ENTRY--PERSONAL NAME | |
| Personal name | Nursa’ban, Muhammad||Setiawan, Benni||Eko Agustinova, Danu||Trijuni Putro, Sutanto||Rahim, Robbi |
| 856 ## - ELECTRONIC LOCATION AND ACCESS | |
| Uniform Resource Identifier | <a href="https://www.sciendo.com/book/9788366675186">https://www.sciendo.com/book/9788366675186</a> |
| 942 ## - ADDED ENTRY ELEMENTS (KOHA) | |
| Koha item type | E-Books |
| Withdrawn status | Lost status | Damaged status | Not for loan | Home library | Current library | Date acquired | Total Checkouts | Date last seen | Price effective from | Koha item type |
|---|---|---|---|---|---|---|---|---|---|---|
| Kerala University of Digital Sciences, Innovation and Technology Knowledge Centre | Kerala University of Digital Sciences, Innovation and Technology Knowledge Centre | 20/06/2022 | 20/06/2022 | 20/06/2022 | E-Books |